Những phương thuốc hay các toa thuốc rượu và thuốc cao bồi bổ sức khỏe và tăng thêm tuổi thọ
Salvato in:
| Autore principale: | |
|---|---|
| Natura: | Libro |
| Lingua: | Undetermined |
| Pubblicazione: |
Nghệ An
Nxb. Nghệ An
1999
|
| Soggetti: | |
| Tags: |
Aggiungi Tag
Nessun Tag, puoi essere il primo ad aggiungerne! !
|
| Thư viện lưu trữ: | Trung tâm Học liệu Trường Đại học Cần Thơ |
|---|
| LEADER | 00653nam a2200193Ia 4500 | ||
|---|---|---|---|
| 001 | CTU_37373 | ||
| 008 | 210402s9999 xx 000 0 und d | ||
| 020 | |b 36.000đ | ||
| 082 | |a 615.882 | ||
| 082 | |b Đ455 | ||
| 100 | |a Võ Kim Đồng | ||
| 245 | 0 | |a Những phương thuốc hay các toa thuốc rượu và thuốc cao bồi bổ sức khỏe và tăng thêm tuổi thọ | |
| 245 | 0 | |c Võ Kim Đồng | |
| 260 | |a Nghệ An | ||
| 260 | |b Nxb. Nghệ An | ||
| 260 | |c 1999 | ||
| 650 | |a folk medicine | ||
| 904 | |i Nguyễn Quang Điền, 000720 | ||
| 980 | |a Trung tâm Học liệu Trường Đại học Cần Thơ | ||